000 00405 a2200181 4500
001 138059
020 _a9788574124162
040 _cLeonardo Da Vinci
041 _aPortuguês
082 _aI L334c
_bL334c
100 _aL'ARRONGE, Lilli
245 _aCaos!
260 _bBrinque-Book
_c2018
_aSão Paulo
300 _a27
362 _a20180000
697 _aLiteratura infantojuvenil
942 _cBK
999 _c138059
_d138059